000 00475nam a22001817a 4500
003 NUST - PNEC
005 20170116180802.0
008 150416b xxu||||| |||| 00| 0 eng d
020 _a1840136472
040 _cLIBRARY
082 _a623.82 JAC
100 _92666
_a: Jackson, Robert,
245 _aFighting Ships of the World:
_c Robert Jackson
260 _aLodon
_bGraange Book
_c c2004.
300 _a608p. :
650 _92667
_aWarships
_xGeneral
942 _2ddc
_cBK
999 _c63027
_d63027